| 000 | 00471nam a2200133 a 4500 | ||
|---|---|---|---|
| 001 | 4360 | ||
| 003 | CDMR | ||
| 005 | 20130529103425.0 | ||
| 008 | 130130s2003||||||||||||||||||||||||||||d | ||
| 040 |
_aCDMR _bcat _cCPC GIRONA |
||
| 245 | 0 | 3 |
_aEl blanc i el negre _b: un diàleg a fons sobre immigració, política i ciutadania _cAliou Diao... [et al.] |
| 260 |
_aGirona _bGrups de Recerca i Actuació amb Minories Culturals i Treballadors Estrangers (GRAMC) _c2003 |
||
| 942 |
_cMON _2udc |
||
| 999 |
_c4360 _d4360 |
||